| 000 | 00400nam a2200145Ia 4500 | ||
|---|---|---|---|
| 008 | 211109s9999||||xx |||||||||||||| ||und|| | ||
| 082 |
_a894.8121 _bCHE-R |
||
| 100 | _aChemanam, Chacko | ||
| 245 | 0 | _aRajavinu Vasthramilla | |
| 260 |
_bDC Books _aKottayam _c1989 |
||
| 300 | _a126p. | ||
| 630 | _xGENERAL STACK | ||
| 650 |
_aMALAYALAM _vMALAYALAM LITERATURE _xMALAYALAM POETRYMalayalam |
||
| 942 | _cBOOK | ||
| 999 |
_c41183 _d41183 |
||